| 000 | 00596nam a22002057a 4500 | ||
|---|---|---|---|
| 003 | 0 | ||
| 005 | 20250331155712.0 | ||
| 008 | 250326b xxu||||| |||| 00| 0 eng d | ||
| 020 | _a978-0-357-71522-2 | ||
| 050 |
_aHF 5657.4 _b.W37 2023 |
||
| 100 | _aWarren, Carl S. | ||
| 245 |
_aManagerial accounting _cCarl S. Warren and William B. Tayler |
||
| 250 | _aSixteenth edition | ||
| 260 |
_aBoston, Masschusetts _bCengage _c2023 |
||
| 300 |
_axxi, 822 pages ; _c28cm. |
||
| 504 | _aIncludes index. | ||
| 650 | _aManagerial accounting. | ||
| 700 | _aTayler, William B. | ||
| 942 |
_2lcc _cBK |
||
| 999 |
_c367344 _d367344 |
||